| 000 | 01155nam a2200265Ia 4500 | ||
|---|---|---|---|
| 003 | Ost | ||
| 005 | 20260507075604.0 | ||
| 008 | 260507s9999||||xx |||||||||||||| ||und|| | ||
| 020 | _a9957114484 | ||
| 040 | _cfsecg | ||
| 041 | _aara | ||
| 082 | _a330 | ||
| 100 |
_aالعسكري، أحمد شاكر _eمؤلف |
||
| 245 | 0 |
_aالتوزيع : _bمدخل لوجستي دولي / _c أحمد شاكر العسكري |
|
| 250 | _aطبعة 2 | ||
| 260 |
_aعمان: _bدار وائل, _c2008 |
||
| 300 |
_a380 صفحة؛ _bإيضاحات ؛ _c24 سم |
||
| 504 | _aمراجع ص.375 | ||
| 520 | _aسياسات التوزيع، التوزيع المادي، التوزيع اللوجيستي والتكاليف، اللوجستيك وعناصر التوزيع، النموذج العام لمشكلة النقل، التخطيط المستقبلي للتوزيع المادي، الترميز السلعي وأهمية التوزيع. | ||
| 653 | _aادارة الأعمال | ||
| 653 | _aادارة المبيعات | ||
| 653 | _aالتسويق | ||
| 700 |
_aالكنعاني، خليل ابراهيم _eمؤلف ثانوي |
||
| 942 | _cكتاب | ||
| 999 |
_c45030 _d45030 |
||